Fragen der Finanzierung des Handels mit Südosteuropa Vorträge anlässlich der Fachtagung der Südosteuropa-Gesellschaft in Zusammenarbeit mit der Kreditanstalt für Wiederaufbau am 13. November 1986 in Frankfurt/Main
Uložené v:
| Ďalší autori: | |
|---|---|
| Médium: | Kniha |
| Jazyk: | German |
| Vydavateľské údaje: |
München
Südosteuropa-Gesellschaft
1987
|
| Vydanie: | 1. Aufl. |
| Edícia: | Südosteuropa Aktuell
1 |
| Predmet: | |
| Tagy: |
Žiadne tagy, Buďte prvý, kto otaguje tento záznam!
|
MARC
| LEADER | 00000nam a2200000 4500 | ||
|---|---|---|---|
| 001 | c016016 | ||
| 005 | 20221219110942.3 | ||
| 020 | |a 3-925450-04-1 | ||
| 041 | 0 | |a ger | |
| 044 | |a DE | ||
| 245 | 1 | 0 | |a Fragen der Finanzierung des Handels mit Südosteuropa |b Vorträge anlässlich der Fachtagung der Südosteuropa-Gesellschaft in Zusammenarbeit mit der Kreditanstalt für Wiederaufbau am 13. November 1986 in Frankfurt/Main |c Edit. Walter Althammer |
| 250 | |a 1. Aufl. | ||
| 264 | 1 | |a München |b Südosteuropa-Gesellschaft |c 1987 | |
| 300 | |a 84 s. | ||
| 490 | 1 | |a Südosteuropa Aktuell |v 1 | |
| 830 | 0 | |a Südosteuropa Aktuell |v 1 | |
| 610 | 2 | 0 | |a obchod |
| 610 | 2 | 0 | |a financovanie |
| 610 | 2 | 0 | |a obchod medzinárodný |
| 610 | 2 | 0 | |a obchod kompenzačný |
| 610 | 2 | 0 | |a banky obchodné |
| 610 | 2 | 0 | |a zadlženosť |
| 610 | 2 | 0 | |a úver |
| 610 | 2 | 0 | |a riziko |
| 610 | 2 | 0 | |a socializmus |
| 610 | 2 | 0 | |a vývoz |
| 610 | 2 | 0 | |a Európa |
| 700 | 1 | |a Althammer, Walter | |